Trend TOP v infotechnológiách

Analýzy. Trh informačných technológií. Telekomunikácie. Internet. Zmluvné vzťahy. Verejné obstarávanie. Hardvér. Kontakty.

Salvato in:
Dettagli Bibliografici
Natura: Capitolo di libro
Lingua:slovacco
Soggetti:
Tags: Aggiungi Tag
Nessun Tag, puoi essere il primo ad aggiungerne!!

MARC

LEADER 00000naa$a2200000$$$4500
001 0114152
005 20231009092126.3
041 0 |a slo 
044 |a SK 
245 1 0 |a Trend TOP v infotechnológiách 
520 |a Analýzy. Trh informačných technológií. Telekomunikácie. Internet. Zmluvné vzťahy. Verejné obstarávanie. Hardvér. Kontakty. 
610 2 0 |a technológie informačné 
610 2 0 |a trh 
610 2 0 |a telekomunikácie 
610 2 0 |a internet 
610 2 0 |a vzťahy zmluvné 
610 2 0 |a obstarávanie verejné 
610 2 0 |a hardvér 
610 2 0 |a analýzy